|
|
|
|
| LEADER |
01365nam a2200289 a 4500 |
| 001 |
1004656 |
| 008 |
090723s1994 enk 000 1 eng d |
| 010 |
|
|
|a 87011165
|
| 020 |
|
|
|a 0140620443
|
| 040 |
|
|
|a DLC
|c DLC
|d DLC
|d OCoLC
|d DLC
|
| 082 |
0 |
0 |
|a 823/.8
|2 20
|
| 100 |
1 |
|
|a Dickens, Charles,
|d 1812-1870.
|
| 245 |
1 |
0 |
|a Hard times /
|c Charles Dickens
|
| 260 |
|
|
|a London ;
|a New York :
|b Penguin,
|c 1994.
|
| 300 |
|
|
|a vi, 268 p. ;
|c 18 cm.
|
| 490 |
0 |
|
|a Penguin Popular Classics
|
| 541 |
1 |
|
|e 00011966
|
| 651 |
|
0 |
|a England
|x Fiction.
|
| 650 |
|
0 |
|a Social problems
|v Fiction.
|
| 655 |
|
7 |
|a Political fiction.
|2 lcsh
|
| 655 |
|
7 |
|a Domestic fiction.
|2 lcsh
|
| 700 |
1 |
|
|a Eagleton, Terry,
|d 1943-
|
| 852 |
4 |
|
|a Ayesha Abed Library
|j General shelf.
|
| 999 |
|
|
|c 2778
|d 2778
|
| 952 |
|
|
|0 0
|1 0
|2 ddc
|4 0
|6 823_800000000000000_DIC
|7 0
|9 2552
|a BRACUL
|b BRACUL
|c GEN
|d 2009-07-23
|g 0.00
|l 10
|m 46
|o 823.8 DIC
|p 3010011966
|r 2026-01-10
|s 2026-01-07
|t 1
|w 2009-07-23
|y BK
|x No price found in the accession register.
|
| 952 |
|
|
|0 0
|1 0
|2 ddc
|4 0
|6 823_800000000000000_DIC
|7 0
|9 16238
|a BRACUL
|b BRACUL
|c GEN
|d 2011-04-28
|g 110.00
|l 20
|m 103
|o 823.8 DIC
|p 3010012246
|q 2026-06-02
|r 2026-05-17
|s 2026-05-17
|t 2
|w 2011-04-28
|y BK
|
| 952 |
|
|
|0 0
|1 0
|2 ddc
|4 0
|6 823_800000000000000_DIC
|7 0
|9 16240
|a BRACUL
|b BRACUL
|c GEN
|d 2011-04-28
|l 17
|m 60
|o 823.8 DIC
|p 3010011994
|r 2025-11-04
|s 2025-10-07
|t 3
|w 2011-04-28
|y BK
|x Price not available in Register
|